00319nam a22001457a 450000500170000002000180001704100120003508200160004710000170006324500330008025000070011326000340012030000080015436500110016220260615154942.0 a9789351611967 aEnglish a001 R25 GIR aGirotra Tanu aSoft Skills for the Trainers a01 aNew DelhibSultan Chandc2025 a125 b200.00